The 100 - Statistics

General Stats
  • This quiz has been taken 24 times
  • The average score is 7 of 15
Answer Stats
Hint Answer % Correct
Who pulled the lever in Mount Weather? Clarke and Bellamy
79%
How many people of the Ark first landed on Earth after 97 years? 101
74%
Who got speared in season 1? Jasper
63%
Who actually did? (name) Abby
58%
Why couldn't they go outside? Radiation
58%
Who betrayed him according to Clarke in the beggining of s1? Wells
58%
Who was Anya's second? Lexa
53%
Who activated it? Monty
53%
How were the people in Mount Weather called? Mountain men
47%
Where were the prisoners supposed to land? Mount Weather
47%
Who is Clarke's father? (full name) Jake Griffin
42%
In what episode does Lexa die? (seasonxepisode) 3x7
37%
What animal did they find while getting there? Two-headed deer
26%
"My sister, my..." Responsability
21%
"... Murphy" Shut up
5%
No matching quizzes found
Score Distribution
Percent of People with Each Score
Percentile by Number Answered
Your Score History
You have not taken this quiz